Neighborhoods of Brooklyn to Map - Statistics

General Stats
  • This quiz has been taken 751 times
  • The average score is 26 of 52
Answers on the Map
Answers color-coded by a green-red scale on the quiz's map according to % correct below.
 
Answer Stats
Answer % Correct
Bay Ridge
71%
Coney Island
71%
Sunset Park
67%
Williamsburg
66%
Red Hook
65%
DUMBO
64%
Greenpoint
63%
East Williamsburg
62%
Bedford–Stuyvesant
61%
Brighton Beach
58%
Bushwick
58%
Downtown Brooklyn
58%
Brooklyn Navy Yard
56%
Manhattan Beach
56%
Park Slope
56%
Sea Gate
54%
Sheepshead Bay
54%
Brooklyn Heights
53%
Canarsie
53%
Crown Heights
52%
East New York
52%
Flatbush
52%
South Slope
52%
Prospect Heights
50%
Midwood
48%
Dyker Heights
47%
Gowanus
47%
Prospect Lefferts Gardens
47%
Brownsville
46%
East Flatbush
46%
Clinton Hill
45%
Columbia Street Waterfront District
45%
Vinegar Hill
45%
Windsor Terrace
45%
Bensonhurst
44%
Carroll Gardens
44%
Cobble Hill
44%
Boerum Hill
43%
Cypress Hills
43%
Fort Greene
43%
Kensington
41%
Bath Beach
39%
Gravesend
39%
Marine Park
39%
Borough Park
38%
Fort Hamilton
38%
Greenwood Heights
37%
Plumb Beach
37%
Mill Basin
36%
Flatlands
35%
Gerritsen Beach
33%
Bergen Beach
30%
No matching quizzes found
Score Distribution
Percent of People with Each Score
Percentile by Number Answered
Your Score History
You have not taken this quiz